Detalles MARC
| 000 -CABECERA |
| campo de control de longitud fija |
02463nam a2200289 a 4500 |
| 001 - NÚMERO DE CONTROL |
| campo de control |
000030973 |
| 003 - IDENTIFICADOR DEL NÚMERO DE CONTROL |
| campo de control |
DO-SdBNP |
| 005 - FECHA Y HORA DE LA ÚLTIMA TRANSACCIÓN |
| campo de control |
20240927073748.0 |
| 008 - DATOS DE LONGITUD FIJA--INFORMACIÓN GENERAL |
| campo de control de longitud fija |
100903t1996 dr ac 001 0 spa d |
| 040 ## - FUENTE DE LA CATALOGACIÓN |
| Centro catalogador/agencia de origen |
DO-SdBNP |
| Lengua de catalogación |
spa |
| Centro/agencia transcriptor |
BNPHU |
| 049 ## - FONDOS LOCALES (OCLC) |
| Fondos de biblioteca |
BNPD |
| 082 ## - NÚMERO DE LA CLASIFICACIÓN DECIMAL DEWEY |
| Número de clasificación |
972.93053 |
| Número de documento/Ítem |
R696t |
| 100 1# - ENTRADA PRINCIPAL--NOMBRE DE PERSONA |
| Nombre de persona |
Rodríguez León, Francisco |
| 9 (RLIN) |
44445 |
| 245 10 - MENCIÓN DE TÍTULO |
| Título |
Balaguer y Trujillo / |
| Mención de responsabilidad, etc. |
Francisco Rodríguez León. |
| 246 14 - FORMA VARIANTE DE TÍTULO |
| Título propio/Titulo breve |
Balaguer y Trujillo: |
| Resto del título |
entre la espada y la palabra |
| 260 ## - PUBLICACIÓN, DISTRIBUCIÓN, ETC. |
| Lugar de publicación, distribución, etc. |
Santo Domingo : |
| Nombre del editor, distribuidor, etc. |
Artes & Ediciones Caribe, |
| Fecha de publicación, distribución, etc. |
1996. |
| 300 ## - DESCRIPCIÓN FÍSICA |
| Extensión |
648 p. : |
| Otras características físicas |
il., retrs. ; |
| Dimensiones |
24 cm. |
| 500 ## - NOTA GENERAL |
| Nota general |
Incluye datos biográficos del autor en la contracubierta. |
| 500 ## - NOTA GENERAL |
| Nota general |
Incluye indice onomástico. |
| 504 ## - NOTA DE BIBLIOGRAFÍA, ETC. |
| Nota de bibliografía, etc. |
Bibliografía : p. 706-718 |
| 505 0# - NOTA DE CONTENIDO CON FORMATO |
| Título |
Prólogo -- |
| -- |
Preludio -- |
| -- |
Orígenes: el soldado -- |
| -- |
Orígenes: el intelectual -- |
| -- |
Antecedentes -- |
| -- |
Primera década (1930-1939) : |
| -- |
Primer período (1930-1934): escenario político -- |
| -- |
Primer período (1930-1934): la economía -- |
| -- |
Génesis de un cortesano -- |
| -- |
Segundo período (1934-1938) -- |
| -- |
Un holocausto tropical -- |
| -- |
La presidencia de papel: Jacinto B. Peynado (1938-1940) -- |
| -- |
Segunda década (1940-1949) : |
| -- |
La presidencia de cartón: Manuel de Js. Troncoso de La Concha (1940-1942) -- |
| -- |
El retorno del bárbaro -- |
| -- |
La dominicanización de la frontera -- |
| -- |
El exilio del cortesano (1940-1949) -- |
| -- |
Tercera década (1950-1959) : |
| -- |
El regreso del cortesano -- |
| -- |
El Anselmato (1950-1954) -- |
| -- |
Apoteosis: la feria de las ilusiones -- |
| -- |
El delfín y el cortesano -- |
| -- |
La vicepresidencia del cortesano -- |
| -- |
Así habló el cortesano -- |
| -- |
Desenlace (1960-1962) : |
| -- |
Vorágine: la rebelión de un país -- |
| -- |
Vértigo: la presidencia del cortesano -- |
| -- |
Soliloquio (I) -- |
| -- |
El cortesano y el "30 de mayo" -- |
| -- |
Funerales de Estado |
| -- |
Los nuevos tiempos -- |
| -- |
Malicia en el país de las maravillas -- |
| -- |
Las cortinas del palacio no son de terciopelo azul -- |
| -- |
La insurrección de Santiago -- |
| -- |
El cortesano y el asesinato de los héroes del "30 de mayo" -- |
| -- |
La silla de alfileres -- |
| -- |
Interregno -- |
| -- |
Un consejo para el cortesano -- |
| -- |
Reflexiones -- |
| -- |
Soliloquio (II) -- |
| -- |
Exhortación -- |
| -- |
Coda -- |
| -- |
Anexo-- |
| -- |
Bibliografía -- |
| -- |
Indice onomástico -- |
| -- |
Documentos. |
| 600 10 - PUNTO DE ACCESO ADICIONAL DE MATERIA--NOMBRE DE PERSONA |
| Nombre de persona |
Balaguer, Joaquín, |
| Fechas asociadas al nombre |
1906-2002 |
| 9 (RLIN) |
76556 |
| 600 10 - PUNTO DE ACCESO ADICIONAL DE MATERIA--NOMBRE DE PERSONA |
| Nombre de persona |
Trujillo Molina, Rafael Leónidas, |
| Fechas asociadas al nombre |
1891-1961 |
| 9 (RLIN) |
76764 |
| 651 14 - PUNTO DE ACCESO ADICIONAL DE MATERIA--NOMBRE GEOGRÁFICO |
| Nombre geográfico |
República Dominicana |
| Subdivisión general |
Política y gobierno |
| Subdivisión cronológica |
Era de Trujillo, 1930-1961 |
| 9 (RLIN) |
1374 |
| 910 ## - DATOS DE OPCIÓN DEL USUARIO (OCLC) |
| Datos de opción del usuario |
Validado. Control de calidad EMS. |
| 942 ## - ELEMENTOS DE PUNTO DE ACCESO ADICIONAL (KOHA) |
| Fuente del sistema de clasificación o colocación |
Dewey Decimal Classification |
| Tipo de ítem Koha |
Libro |